Countries A-Z with the Most Nobel Prizes - Statistics

General Stats
  • This quiz has been taken 71 times
  • The average score is 19 of 21
Answer Stats
Letter Number of Nobel prizes Country % Correct
F 76 France
100%
G 115 Germany
100%
J 29 Japan
100%
U 413 United States
100%
C 27 Canada
99%
V 1 Venezuela, Vietnam
99%
D 14 Denmark
97%
R 30 Russia (& USSR)
97%
H 15 Hungary
94%
A 25 Austria
93%
P 19 Poland
92%
S 34 Sweden
90%
I 21 Italy
89%
B 11 Belgium
87%
N 22 Netherlands
85%
K 1 Kenya
80%
E 4 Egypt
79%
M 3 Mexico
79%
Y 3 Yugoslavia
77%
L 3 Lithuania
76%
T 4 Taiwan
51%
No matching quizzes found
Score Distribution
Percent of People with Each Score
Percentile by Number Answered
Your Score History
You have not taken this quiz